Normal view MARC view

Entry Meeting Name

Number of records used in: 1

001 - CONTROL NUMBER

  • control field: 17671

003 - CONTROL NUMBER IDENTIFIER

  • control field: OSt

005 - DATE AND TIME OF LATEST TRANSACTION

  • control field: 20211105134210.0

008 - FIXED-LENGTH DATA ELEMENTS

  • fixed length control field: 211105|| aca||aabn | a|a d

040 ## - CATALOGING SOURCE

  • Original cataloging agency: OSt
  • Transcribing agency: OSt

111 ## - HEADING--MEETING NAME

  • Meeting name or jurisdiction name as entry element: Haystack Observatory Conference on Atoms, Ions, and Molecules
  • Number of part/section/meeting: 3rd
  • Location of meeting: USA
  • Date of meeting or treaty signing: 1990 May 23-25

670 ## - SOURCE DATA FOUND

  • Source citation: Work cat.: (OSt): Haystack Observatory Conference on Atoms, Ions, and Molecules 3rd USA 1990 May 23-25, Skylines, 1991

Powered by Koha